<?xml version="1.0" encoding="UTF-8"?><?xml-stylesheet type="text/xsl" href="static/style.xsl"?><OAI-PMH xmlns="http://www.openarchives.org/OAI/2.0/" xmlns:xsi="http://www.w3.org/2001/XMLSchema-instance" xsi:schemaLocation="http://www.openarchives.org/OAI/2.0/ http://www.openarchives.org/OAI/2.0/OAI-PMH.xsd"><responseDate>2026-04-17T01:40:42Z</responseDate><request verb="GetRecord" identifier="oai:www.recercat.cat:10459.1/83883" metadataPrefix="marc">https://recercat.cat/oai/request</request><GetRecord><record><header><identifier>oai:recercat.cat:10459.1/83883</identifier><datestamp>2024-12-05T21:58:36Z</datestamp><setSpec>com_2072_3622</setSpec><setSpec>col_2072_479130</setSpec></header><metadata><record xmlns="http://www.loc.gov/MARC21/slim" xmlns:dcterms="http://purl.org/dc/terms/" xmlns:xsi="http://www.w3.org/2001/XMLSchema-instance" xmlns:doc="http://www.lyncode.com/xoai" xsi:schemaLocation="http://www.loc.gov/MARC21/slim http://www.loc.gov/standards/marcxml/schema/MARC21slim.xsd">
   <leader>00925njm 22002777a 4500</leader>
   <datafield ind2=" " ind1=" " tag="042">
      <subfield code="a">dc</subfield>
   </datafield>
   <datafield ind2=" " ind1=" " tag="720">
      <subfield code="a">Mora, Mireia</subfield>
      <subfield code="e">author</subfield>
   </datafield>
   <datafield ind2=" " ind1=" " tag="720">
      <subfield code="a">Fàbregas, Esteve</subfield>
      <subfield code="e">author</subfield>
   </datafield>
   <datafield ind2=" " ind1=" " tag="720">
      <subfield code="a">Céspedes, Francisco</subfield>
      <subfield code="e">author</subfield>
   </datafield>
   <datafield ind2=" " ind1=" " tag="720">
      <subfield code="a">Puy, Neus</subfield>
      <subfield code="e">author</subfield>
   </datafield>
   <datafield ind2=" " ind1=" " tag="260">
      <subfield code="c">2022-09-28T11:26:19Z</subfield>
   </datafield>
   <datafield ind2=" " ind1=" " tag="260">
      <subfield code="c">2022-09-28T11:26:19Z</subfield>
   </datafield>
   <datafield ind2=" " ind1=" " tag="260">
      <subfield code="c">2022-09-22</subfield>
   </datafield>
   <datafield ind2=" " ind1=" " tag="520">
      <subfield code="a">Value-added compounds were obtained from pine wood bio-oil, converting it into a renewable source for several chemicals: acids (acetic acid), sugars (levoglucosan), furan derivatives (furfural) and phenolics (catechol, phenol, 4-propylguaiacol, vanillin). To achieve this, firstly a comparison of a direct pyrolysis at 500 ◦C versus a twostaged pyrolysis (300 ◦C and 500 ◦C) was made. It was determined that a two-staged pyrolysis ensue in the obtainment of less complex liquid fractions since it concentrates families of compounds in different phases of biooil, facilitating their subsequent separation. Secondly, two methodologies (A and B) were designed to establish a procedure for separating the various chemical groups present in bio-oil. Methodology A consisted of a first vacuum distillation followed by an extraction process that combined an alkaline extraction and a simple extraction with ethyl acetate. Methodology B consisted of a first extraction with trioctylamine and ethyl acetate followed by a vacuum distillation and an extraction with hot water. The results showed that methodology A was better for the separation of chemical compounds from bio-oil, obtaining one fraction with the carboxylic acid content and furan derivatives, a second fraction containing the phenolic compounds and a third fraction enriched with the sugar content.</subfield>
   </datafield>
   <datafield ind2=" " ind1=" " tag="520">
      <subfield code="a">We would also like to acknowledge the financial support of the LIFE Programme of the European Union for the project LIFE BIOREFFORMED (LIFE 19 ENV/ES/ 000544) and the support of the MINECO for the project PID2020- 117216RB-100 and the Group of Sensors and Biosensors of the Universitat Autonoma ` de Barcelona</subfield>
   </datafield>
   <datafield ind1="8" ind2=" " tag="024">
      <subfield code="a">http://hdl.handle.net/10459.1/83883</subfield>
   </datafield>
   <datafield tag="653" ind2=" " ind1=" ">
      <subfield code="a">Alkaline extraction</subfield>
   </datafield>
   <datafield tag="653" ind2=" " ind1=" ">
      <subfield code="a">Bio-oil</subfield>
   </datafield>
   <datafield tag="653" ind2=" " ind1=" ">
      <subfield code="a">Biorefinery</subfield>
   </datafield>
   <datafield tag="653" ind2=" " ind1=" ">
      <subfield code="a">Two-Staged Pyrolysis</subfield>
   </datafield>
   <datafield tag="653" ind2=" " ind1=" ">
      <subfield code="a">Vacuum distillation</subfield>
   </datafield>
   <datafield tag="653" ind2=" " ind1=" ">
      <subfield code="a">Value-added compounds</subfield>
   </datafield>
   <datafield ind2="0" ind1="0" tag="245">
      <subfield code="a">Production and separation of value-added compounds from pine wood using pyrolysis and biorefinery techniques</subfield>
   </datafield>
</record></metadata></record></GetRecord></OAI-PMH>